000 00500nam a2200193Ia 4500
005 20250508151429.0
008 008 250505s9999 xx 000 0 hin d
037 _aTextual
040 _aFEDL
_beng
_cFEDL
041 _ahin
_2eng
084 _a491.4307, PAL
_qFEDL
100 _aPaliwal Madhav Ram
_9759112
245 0 _aBasha - shikshan ki roo rekha
260 _c1950
300 _a154p
365 _aGifted
942 _cTEXL
_h491.4307, PAL
999 _c1329736
_d1329736